[Event "Figueira da Foz op 18th"]
[Site "Figueira da Foz"]
[Date "2024.11.12"]
[Round "4"]
[White "Petkov, Vladimir"]
[Black "Lad, Mandar Pradip"]
[Result "0-1"]
[WhiteElo "2433"]
[BlackElo "2282"]
[PlyCount "113"]
[EventDate "2024.11.10"]
[EventType "swiss"]
[EventRounds "9"]
[EventCountry "POR"]
[SourceTitle "CB47_2024"]
[SourceDate "2024.11.20"]
[SourceVersion "1"]
[SourceVersionDate "2024.11.20"]
[SourceQuality "1"]

1. d4 Nf6 2. c4 e6 3. Nc3 d5 4. cxd5 exd5 5. Bg5 Nbd7 6. e3 Bb4 7. Bd3 c5 8. Nge2 c4 9. Bf5 h6 10. Bh4 Nb6 11. Bc2 0-0 12. f3 Re8 13. Bf2 Bd7 14. 0-0 Bc6 15. Ng3 Nc8 16. a3 Ba5 17. Nce2 Nd6 18. Nf4 b5 19. Nfh5 Bc7 20. Nxf6+ Qxf6 21. Qd2 a5 22. Nh5 Qg5 23. h4 Qd8 24. Rae1 b4 25. e4 dxe4 26. d5 Nf5 27. Bxe4 Qd6 28. g3 Bd7 29. axb4 axb4 30. Bxf5 Bxf5 31. Qd4 Qg6 32. Nf4 Bxf4 33. Qxf4 Bd3 34. Rxe8+ Rxe8 35. Re1 Rd8 36. Qc7 Qf6 37. Kg2 h5 38. Re5 c3 39. Bd4 c2 40. b3 Qd6 41. Qxd6 Rxd6 42. Be3 f6 43. Re8+ Kf7 44. Rc8 Rxd5 45. g4 hxg4 46. fxg4 Be4+ 47. Kf2 Rd1 48. h5 Rb1 49. Rc7+ Kg8 50. Rc8+ Kh7 51. Ke2 Rxb3 52. g5 fxg5 53. Bxg5 Rg3 54. Bf4 Rg4 55. Bc1 Rg1 56. Be3 b3 57. Rb8 0-1

[Event "Famalicao op 11th"]
[Site "Vila Nova de Famalicao"]
[Date "2024.07.28"]
[Round "9"]
[White "Galvan Cipriani, Viviana"]
[Black "Petkov, Vladimir"]
[Result "0-1"]
[WhiteElo "2081"]
[BlackElo "2417"]
[PlyCount "64"]
[EventDate "2024.07.22"]
[EventType "swiss"]
[EventRounds "9"]
[EventCountry "POR"]
[SourceTitle "CBM 221 Extra"]
[Source "ChessBase"]
[SourceDate "2024.09.30"]
[SourceVersion "1"]
[SourceVersionDate "2024.09.30"]
[SourceQuality "1"]

1. c4 e5 2. Nc3 d6 3. g3 g6 4. Bg2 Bg7 5. e3 f5 6. Nge2 Nf6 7. d3 0-0 8. 0-0 a5 9. Rb1 c6 10. e4 Na6 11. b3 f4 12. gxf4 Nh5 13. fxe5 dxe5 14. Be3 Nf4 15. Qd2 Nb4 16. Rbd1 Nxg2 17. Kxg2 Qh4 18. Ng1 Rf3 19. Nce2 Rh3 20. Bf4 exf4 21. Qxf4 Qh5 22. d4 Bd7 23. f3 Rf8 24. Qd6 Bc8 25. Nxh3 Bxh3+ 26. Kh1 Bxf1 27. Rxf1 Qh3 28. Ng3 Nc2 29. e5 Ne3 30. Rg1 Rxf3 31. e6 Rf2 32. Ne4 Qf3+ 0-1

[Event "POR-chT"]
[Site "Soure"]
[Date "2024.07.19"]
[Round "6.3"]
[White "Cumming, Rhys"]
[Black "Petkov, Vladimir"]
[Result "0-1"]
[WhiteElo "2279"]
[BlackElo "2417"]
[PlyCount "58"]
[EventDate "2024.07.15"]
[EventType "team-tourn"]
[EventRounds "9"]
[EventCountry "POR"]
[SourceTitle "CBM 221 Extra"]
[Source "ChessBase"]
[SourceDate "2024.09.30"]
[SourceVersion "1"]
[SourceVersionDate "2024.09.30"]
[SourceQuality "1"]
[WhiteTeam "Montemor o Velho"]
[BlackTeam "Vitoria"]
[WhiteTeamCountry "POR"]
[BlackTeamCountry "POR"]

1. e4 c5 2. Nf3 d6 3. Bb5+ Nd7 4. d4 cxd4 5. Qxd4 a6 6. Be2 Ngf6 7. c4 g6 8. Nc3 Bg7 9. 0-0 0-0 10. h3 b6 11. Qe3 Bb7 12. Rd1 Qb8 13. Nd4 e6 14. f4 Re8 15. Nf3 Qc7 16. g4 h6 17. Bd3 Rad8 18. Bd2 Ba8 19. Rf1 Qb7 20. g5 hxg5 21. fxg5 Nh5 22. Qf2 Qc7 23. Nh2 Nc5 24. Bc2 d5 25. cxd5 exd5 26. exd5 Bxd5 27. Ng4 Bb7 28. Nh6+ Kh7 29. Rae1 Rxd2 0-1

[Event "POR-chT"]
[Site "Soure"]
[Date "2024.07.16"]
[Round "3.3"]
[White "Fedorchuk, Sergey A"]
[Black "Petkov, Vladimir"]
[Result "1-0"]
[WhiteElo "2554"]
[BlackElo "2417"]
[PlyCount "71"]
[EventDate "2024.07.15"]
[EventType "team-tourn"]
[EventRounds "9"]
[EventCountry "POR"]
[SourceTitle "CBM 221 Extra"]
[Source "ChessBase"]
[SourceDate "2024.09.30"]
[SourceVersion "1"]
[SourceVersionDate "2024.09.30"]
[SourceQuality "1"]
[WhiteTeam "Gaia"]
[BlackTeam "Vitoria"]
[WhiteTeamCountry "POR"]
[BlackTeamCountry "POR"]

1. e4 e5 2. Nf3 Nc6 3. Bb5 a6 4. Ba4 g6 5. c3 Bg7 6. d4 exd4 7. cxd4 b5 8. Bb3 Na5 9. Bc2 Ne7 10. 0-0 0-0 11. Nc3 d6 12. h3 c5 13. Bg5 h6 14. Bh4 Ra7 15. dxc5 dxc5 16. Qe2 Nac6 17. Rad1 Nd4 18. Nxd4 cxd4 19. e5 Qc7 20. Rxd4 Nc6 21. Re4 Bf5 22. Nd5 Qc8 23. f4 Rd8 24. Bxd8 Qxd8 25. Rd1 Rd7 26. Bb3 Bxe4 27. Qxe4 Qe8 28. Kh2 Nd8 29. Nf6+ Bxf6 30. Rxd7 Qxd7 31. exf6 Kf8 32. Bd5 a5 33. a3 a4 34. Kg3 Qc7 35. Qb4+ Kg8 36. Qxb5 1-0

[Event "POR-chT"]
[Site "Soure"]
[Date "2024.07.15"]
[Round "1.15"]
[White "Margarido, Jose Miguel Teixeir"]
[Black "Petkov, Vladimir"]
[Result "1/2-1/2"]
[WhiteElo "2087"]
[BlackElo "2417"]
[PlyCount "45"]
[EventDate "2024.07.15"]
[EventType "team-tourn"]
[EventRounds "9"]
[EventCountry "POR"]
[SourceTitle "CBM 221 Extra"]
[Source "ChessBase"]
[SourceDate "2024.09.30"]
[SourceVersion "1"]
[SourceVersionDate "2024.09.30"]
[SourceQuality "1"]
[WhiteTeam "EPGaia"]
[BlackTeam "Vitoria"]
[WhiteTeamCountry "POR"]
[BlackTeamCountry "POR"]

1. c4 e5 2. g3 d6 3. Nc3 Be7 4. Bg2 f5 5. d3 Nf6 6. Nf3 0-0 7. 0-0 Qe8 8. e3 Nc6 9. Rb1 a5 10. a3 Kh8 11. b4 axb4 12. axb4 Bd8 13. b5 Ne7 14. Bb2 f4 15. Nd2 Qg6 16. Nde4 Ng4 17. exf4 exf4 18. Bc1 Nf5 19. Nd5 fxg3 20. fxg3 Nf6 21. Nexf6 Bxf6 22. Nxf6 Rxf6 23. Be4 1/2-1/2

[Event "Carballo Concello 6th"]
[Site "Carballo"]
[Date "2023.08.27"]
[Round "4"]
[White "Strikovic, Aleksa"]
[Black "Petkov, Vladimir"]
[Result "1/2-1/2"]
[WhiteElo "2456"]
[BlackElo "2464"]
[PlyCount "22"]
[EventDate "2023.08.25"]
[EventType "swiss"]
[EventRounds "9"]
[EventCountry "ESP"]
[SourceTitle "CBM 216 Extra"]
[Source "ChessBase"]
[SourceDate "2023.11.30"]
[SourceVersion "1"]
[SourceVersionDate "2023.11.30"]
[SourceQuality "1"]

1. Nf3 Nf6 2. d4 e6 3. Bf4 c5 4. e3 Be7 5. Nbd2 cxd4 6. exd4 b6 7. Bd3 Ba6 8. Bxa6 Nxa6 9. 0-0 0-0 10. c3 d6 11. Qe2 Nc7 1/2-1/2

[Event "Carballo Concello 6th"]
[Site "Carballo"]
[Date "2023.08.26"]
[Round "2"]
[White "Jaime Galeano, Alcher"]
[Black "Petkov, Vladimir"]
[Result "0-1"]
[WhiteElo "1695"]
[BlackElo "2464"]
[PlyCount "86"]
[EventDate "2023.08.25"]
[EventType "swiss"]
[EventRounds "9"]
[EventCountry "ESP"]
[SourceTitle "CBM 216 Extra"]
[Source "ChessBase"]
[SourceDate "2023.11.30"]
[SourceVersion "1"]
[SourceVersionDate "2023.11.30"]
[SourceQuality "1"]

1. e4 e5 2. Nf3 Nc6 3. Nc3 Nf6 4. d4 exd4 5. Nxd4 Bc5 6. Be3 Bb6 7. Nxc6 bxc6 8. Bxb6 axb6 9. Bc4 0-0 10. 0-0 Re8 11. Re1 d6 12. a3 Be6 13. Bxe6 Rxe6 14. f3 Qe7 15. Qd2 Re8 16. Ne2 Qd7 17. Nf4 R6e7 18. Rad1 h6 19. Qc3 Re5 20. Nd3 Rg5 21. Nf4 Re7 22. b4 b5 23. h4 Rge5 24. Nd3 Rh5 25. Nf4 Rxh4 26. g3 Rxf4 27. gxf4 Qh3 28. Re2 Nd5 29. Qb3 Nxf4 30. Rh2 Qg3+ 31. Kh1 Nh3 32. Qe3 Ng5 33. Rf1 Rxe4 34. Qxe4 Nxe4 35. fxe4 Qxa3 36. Rhf2 Qxb4 37. Rf4 Qc3 38. R1f2 Qe5 39. Kg1 Qe6 40. Rg2 d5 41. Rfg4 Qe5 42. exd5 cxd5 43. R4g3 b4 0-1

[Event "Santiago de Compostela Bicapawn GP Rap"]
[Site "Santiago de Compostela"]
[Date "2022.10.22"]
[Round "4"]
[White "Fernandez Ramos, Iago"]
[Black "Petkov, Vladimir"]
[Result "0-1"]
[WhiteElo "1793"]
[BlackElo "2438"]
[PlyCount "102"]
[EventDate "2022.10.22"]
[EventType "swiss (rapid)"]
[EventRounds "9"]
[EventCountry "ESP"]
[SourceTitle "CBM 210 Extra"]
[Source "ChessBase"]
[SourceDate "2022.11.30"]
[SourceVersion "1"]
[SourceVersionDate "2022.11.30"]
[SourceQuality "1"]

1. e4 c5 2. Nf3 Nc6 3. d3 d5 4. exd5 Qxd5 5. Nc3 Qd7 6. Bf4 f6 7. Bg3 e5 8. Be2 Nh6 9. Nd2 Nd4 10. Nc4 Nhf5 11. a4 b6 12. Bf3 Nxf3+ 13. Qxf3 Bb7 14. Ne4 0-0-0 15. a5 Nd4 16. Qd1 b5 17. a6 Ba8 18. Nxe5 fxe5 19. Bxe5 Qf5 20. Bxd4 Bxe4 21. 0-0 Rxd4 22. dxe4 Rxd1 23. exf5 Rxa1 24. Rxa1 Kc7 25. Re1 Bd6 26. b3 Rb8 27. g3 Rb6 28. f6 gxf6 29. Re6 Rxa6 30. Rxf6 Ra2 31. Rf7+ Kc6 32. Rxh7 a5 33. g4 Rxc2 34. g5 c4 35. g6 Be5 36. bxc4 Rxc4 37. h4 Rg4+ 38. Kf1 Rxg6 39. Ke2 a4 40. Kd3 a3 41. Ra7 Rf6 42. Ke4 Bd6 43. h5 Rxf2 44. h6 Rh2 45. h7 b4 46. Kd3 b3 47. Ra6+ Kd5 48. Ra5+ Bc5 49. Rb5 Rh3+ 50. Kd2 Kc4 51. Rb8 Rxh7 0-1

[Event "Santiago de Compostela Bicapawn GP B4"]
[Site "Santiago de Compostela"]
[Date "2022.10.21"]
[Round "5"]
[White "Petkov, Vladimir"]
[Black "Von Meijenfeldt, Bart"]
[Result "1-0"]
[WhiteElo "2438"]
[BlackElo "2191"]
[PlyCount "43"]
[EventDate "2022.10.21"]
[EventType "swiss (blitz)"]
[EventRounds "9"]
[EventCountry "ESP"]
[SourceTitle "CBM 210 Extra"]
[Source "ChessBase"]
[SourceDate "2022.11.30"]
[SourceVersion "1"]
[SourceVersionDate "2022.11.30"]
[SourceQuality "1"]

1. d4 Nf6 2. Nf3 g6 3. g3 Bg7 4. Bg2 0-0 5. 0-0 d6 6. a4 Nc6 7. d5 Nb4 8. Nc3 c5 9. e4 e6 10. dxe6 Bxe6 11. h3 a6 12. Ng5 Bc8 13. Bf4 Re8 14. Re1 d5 15. e5 Nh5 16. Nxd5 h6 17. Nxb4 Nxf4 18. gxf4 Qa5 19. Ne4 cxb4 20. Nd6 Rf8 21. Qd5 Be6 22. Qxa5 1-0